El fin de las embajadas / (Record no. 118967)

MARC details
000 -LEADER
campo de control de longitud fija 00520nam a2200169 4500
001 - NÚMERO DE CONTROL
campo de control 118967
003 - IDENTIFICADOR DE NÚMERO DE CONTROL
campo de control ES-MaACL
007 - CAMPO FIJO DE DESCRIPCIÓN FÍSICA--INFORMACIÓN GENERAL
campo de control de longitud fija t|
008 - DATOS DE LONGITUD FIJA--INFORMACIÓN GENERAL
campo de control de longitud fija 070214s1970 ag r ||||1| spa d
100 1# - ENTRADA PRINCIPAL--NOMBRE DE PERSONA
Nombre de persona Peyrefitte, Roger.
9 (RLIN) 91599
245 13 - MENCIÓN DEL TÍTULO
Título El fin de las embajadas /
Mención de responsabilidad, etc. Roger Peyrefitte ; traducción de Miguel de Amilibia.
250 ## - MENCION DE EDICION
Mención de edición 5ª. ed.
260 ## - PUBLICACIÓN, DISTRIBUCIÓN, ETC.
Lugar de publicación, distribución, etc. Buenos Aires :
Nombre del editor, distribuidor, etc. Sudamericana,
Fecha de publicación, distribución, etc. 1970.
300 ## - DESCRIPCIÓN FÍSICA
Extensión 374 p. ;
Dimensiones 18 cm.
700 1# - ENTRADA AGREGADA--NOMBRE PERSONAL
Nombre de persona Amilibia Matxinbarrena, Miguel de.
9 (RLIN) 21254
852 ## - LOCALIZACIÓN
Ubicación ES-MaACL
Número de control de estantería E-6765
Sublocalización o colección R.91369
Holdings
Estatus retirado Estado de pérdida Estado de daño No para préstamo Biblioteca de origen Biblioteca actual Ubicación en estantería Fecha de adquisición Fuente de adquisición Total de préstamos Signatura topográfica completa Código de barras Visto por última vez Precio de reemplazo Tipo de ítem Koha
        Biblioteca del Ateneo de Madrid Biblioteca del Ateneo de Madrid Depósito 2 17/01/2008     E-6765 1124022 23/02/2023 23/02/2023 Libro impreso